| 000 | 00604nam a2200205Ia 4500 | ||
|---|---|---|---|
| 008 | 191130s2010##################000#0#eng## | ||
| 020 | _a9780202363332 | ||
| 022 | _a2009041277 | ||
| 040 |
_aACL _cACL |
||
| 082 | _a301 WAL | ||
| 100 | _aWallace, Walter L | ||
| 245 |
_aPrinciples of scientific sociology _cWalter L. Wallace |
||
| 260 |
_aNew Brunswick, NJ _bAldineTransaction _c2010 |
||
| 300 | _axi, 545 p. : ill. ; 23 cm | ||
| 500 | _aIncludes bibliographical references and indexes | ||
| 650 | _aSociology | ||
| 990 | _aaaa63af6ac10000c1301872baad40702 | ||
| 991 | _a220775 | ||
| 999 |
_c43692 _d43692 |
||